| 000 | 00487nam a2200169 i 4500 | ||
|---|---|---|---|
| 001 | 59600 | ||
| 003 | ES-MaACL | ||
| 005 | 20230906164050.0 | ||
| 007 | t| | ||
| 008 | 031029s1902 fr ||||1| fre d | ||
| 100 | 1 |
_aEltzbacher, Paul. _947114 |
|
| 245 | 1 | 2 |
_aL'anarchisme / _cpar Paul Eltzbacher ; traduit par Otto Karmin. |
| 260 |
_a[S.l. : _bs.n., _c1902] ( _eBuzançais : _fF. Deverdum) |
||
| 300 |
_a417 p. ; _c18 cm. |
||
| 700 | 1 |
_aKarmin, Otto. _967571 |
|
| 852 |
_aES-MaACL _jD-3514 |
||
| 999 |
_c59600 _d59600 |
||